| 000 | 01539nam a22004937a 4500 | ||
|---|---|---|---|
| 005 | 20260213095529.0 | ||
| 008 | 160113b2013 xxu||||| |||| 00| 0 spa d | ||
| 020 | _a9786074819489 | ||
| 041 | _aESP | ||
| 082 | _a658.8 C998m10 | ||
| 100 |
_aCzinkota, Michael _9798 |
||
| 100 |
_aRonkainen, Ilikka _9799 |
||
| 245 | _aMarketing internacional | ||
| 250 | _a10 edición | ||
| 260 | _aMéxico | ||
| 260 | _bCengage Learning | ||
| 260 | _c2013 | ||
| 300 | _a680 páginas | ||
| 490 | _aDirección y Administración de Empresas | ||
| 505 | _aParte I. El entorno del marketing internacional. Parte II. Marcos de referencia y política del comercio internacional. Parte III. La mezcla de marketing global. Parte IV. Liderazgo en el marketing global. | ||
| 650 | _aGERENCIA DE MERCADEO | ||
| 650 | _aMERCADOTECNIA | ||
| 650 | _aMERCADOTECNIA INTERNACIONAL | ||
| 650 | _aENTORNO GLOBAL | ||
| 650 | _aMARKETING ESTRATÉGICO | ||
| 650 | _aPOLÍTICA DEL COMERCIO INTERNACIONAL | ||
| 650 | _aENTORNO ECONÓMICO | ||
| 650 | _aENTORNO POLÍTICO Y LEGAL | ||
| 650 | _aCASOS | ||
| 650 | _aMERCADOS DE CONSUMO | ||
| 650 | _aCONSUMIDOR GLOBAL | ||
| 650 | _aPLANEACIÓN ESTRATÉGICA | ||
| 650 | _aANÁLISIS DE PERSONAS | ||
| 650 | _aANÁLISIS DE MERCADO | ||
| 650 | _aCONTROL DEL MARKETING | ||
| 650 | _aPRODUCTO | ||
| 650 | _aEXPORTACIÓN | ||
| 650 | _aDISTRIBUCIÓN | ||
| 650 | _aMARCA | ||
| 650 | _aORGANIZACIÓN | ||
| 650 | _aFALSIFICACIÓN | ||
| 650 | _aMARKETING GLOBAL | ||
| 942 |
_cBK _2ddc |
||
| 999 |
_c8418 _d8418 |
||